| 000 | 00332nam a2200145Ia 4500 | ||
|---|---|---|---|
| 008 | 230312s9999||||xx |||||||||||||| ||und|| | ||
| 020 | _a0-683-30363-5 | ||
| 082 |
_a616.075 _bWOO-R |
||
| 100 | _aWood;Bradford | ||
| 245 | 0 | _aRadiology | |
| 260 |
_bWilliam _aUSA _c1998 |
||
| 300 | _a228 | ||
| 650 |
_aMedical _vRadiology |
||
| 942 | _cBK | ||
| 999 |
_c3146 _d3146 |
||